| 000 | 00868nam a22002297a 4500 | ||
|---|---|---|---|
| 999 |
_c7532 _d7532 |
||
| 001 | 7532 | ||
| 003 | BD-JhCC | ||
| 005 | 20180211120651.0 | ||
| 008 | 180211s19982000bg a|||| |||| 000 0 ben d | ||
| 035 | _a(BD-JhCC)7532 | ||
| 040 |
_aBD-JhCC _dBD-JhCC |
||
| 041 | _aBen | ||
| 082 |
_222 _a613.2 _bKHA 2000 |
||
| 245 |
_aখাদ্যে পুষ্টি ও রন্ধন প্রণালী / _cঅশ্রু বিশ্বাস (অনু.) |
||
| 260 |
_aঢাকা : _bএ্যাডভেন্টিষ্ট প্রেস এন্ড পাবলিসিং হাউস _c২০০০. |
||
| 300 |
_a১৫২ পৃ. : _bচিত্রাবলী সংযোজীত ; _c২১ সেমি. |
||
| 650 | _aNutrition | ||
| 650 | _aDiet therapy | ||
| 650 | _aCooking | ||
| 700 | _aবিশ্বাস, অশ্রু | ||
| 942 |
_2ddc _cBK |
||